000 00441cam a2200169 4500
020 _a0834800748
020 _a083480087x (v.2)
040 _cDLC
082 0 0 _a895 WEA 1972 A093 Or.
100 1 _aIkeda, Daisaku
245 1 4 _aThe human revolution.
250 _a[1st ed.]
260 _aNew York :
_bWeatherhill,
_c[1972-
300 _av.
_billus.
_c22 cm
500 _a"Condensed English translation of ... Ningen kakumei."
942 _cEK
999 _c12700
_d12700